Minecraft True or False - Statistics

General Stats
  • This quiz has been taken 702 times
  • The average score is 10 of 15
Answer Stats
Question Answer % Correct
A zombie has a small chance of dropping an iron ingot True
89%
The rarest Armor Trim is Silence, found in Ancient Cities True
86%
The bow sound effect was reused True
82%
You need 8 netherite ingots to make a netherite chestplate. False
80%
A Ravager Jockey can spawn in a raid, with a pillager, vindicator, or evoker on top True
78%
Minecraft was developed in Sweden True
78%
The music disc that can be found in trail ruins is called Pigstep False
76%
You get copper from a husk False
74%
When bred, a sniffer will spawn a baby sniffer immediately False
74%
There is a Plains sub-biome called a Meadow True
73%
Putting water on top of lava creates cobblestone False
66%
In Minecraft Live's 1.21 showcase, an automatic, AFK diamond farm was theoretically possible True
54%
The phases of the moon and the game difficulty affect how good the weapons and armor a hostile mob can spawn with. True
48%
If a player does not beat a raid, the pillagers will do a victory dance True
39%
When holding an item, a zombie does not despawn and can be used for mob switches False
34%
No matching quizzes found
Score Distribution
Percent of People with Each Score
Percentile by Number Answered
Your Score History
You have not taken this quiz